[Event "Arco op 28th"]
[Site "Arco"]
[Date "2006.10.26"]
[Round "6"]
[White "Perryman, Marcus"]
[Black "Morselli, Stefano"]
[Result "0-1"]
[WhiteElo "1990"]
[BlackElo "1896"]
[PlyCount "50"]
[EventDate "2006.10.21"]
[EventType "swiss"]
[EventRounds "9"]
[EventCountry "ITA"]
[SourceTitle "EXT 2007"]
[Source "ChessBase"]
[SourceDate "2006.11.23"]
[SourceVersion "1"]
[SourceVersionDate "2006.11.23"]
[SourceQuality "1"]

1. e4 g6 2. d4 Bg7 3. Nf3 d6 4. h3 Nf6 5. Nc3 0-0 6. Be3 Nbd7 7. g3 c5 8. Bg2 cxd4 9. Nxd4 Ne5 10. 0-0 Bd7 11. Qe2 Rc8 12. Rad1 Nc4 13. Bc1 Qb6 14. Nb3 a5 15. a4 Rc7 16. g4 h6 17. Kh2 Rfc8 18. f4 e6 19. Rd3 Qb4 20. g5 Nh5 21. Bf3 Nxb2 22. Na2 Qa3 23. Bxh5 Rxc2 24. Nd2 Qxd3 25. Qxd3 Nxd3 0-1

[Event "Verona op 11th"]
[Site "Verona"]
[Date "2005.01.07"]
[Round "7"]
[White "Padovani, Alessio"]
[Black "Perryman, Marcus"]
[Result "1/2-1/2"]
[WhiteElo "2107"]
[BlackElo "2077"]
[PlyCount "86"]
[EventDate "2005.01.??"]
[EventType "swiss"]
[EventRounds "9"]
[EventCountry "ITA"]
[SourceTitle "CBM 104 Extra"]
[Source "ChessBase"]
[SourceDate "2005.03.01"]
[SourceVersion "1"]
[SourceVersionDate "2005.03.01"]
[SourceQuality "1"]

1. c4 e6 2. g3 Nf6 3. Bg2 d5 4. Nf3 Be7 5. 0-0 0-0 6. d4 dxc4 7. Qa4 Bd7 8. Qxc4 Bc6 9. Nc3 Nbd7 10. a3 Nb6 11. Qd3 Qc8 12. b3 Nbd5 13. Bb2 Nxc3 14. Qxc3 Ne4 15. Qc2 Nf6 16. Ne5 Bxg2 17. Kxg2 c5 18. dxc5 Qxc5 19. Qxc5 Bxc5 20. Rac1 Rac8 21. Rc2 Bd6 22. Rfc1 Rxc2 23. Rxc2 Nd5 24. e4 Ne7 25. f4 Rc8 26. Rd2 Rd8 27. Kf3 f6 28. Nc4 Bc7 29. Rxd8+ Bxd8 30. b4 Bc7 31. Bd4 Nc6 32. Be3 a6 33. Ke2 Kf7 34. Kd3 Ke8 35. Nd2 Kd7 36. Nb3 b6 37. Nd2 Nd8 38. Nc4 Kc6 39. a4 Nb7 40. Kc3 Nd6 41. Nxd6 Bxd6 42. Bd4 b5 43. a5 Be7 1/2-1/2

[Event "Verona op 11th"]
[Site "Verona"]
[Date "2005.01.06"]
[Round "6"]
[White "Masullo, Andrea"]
[Black "Perryman, Marcus"]
[Result "1-0"]
[WhiteElo "2133"]
[BlackElo "2077"]
[PlyCount "63"]
[EventDate "2005.01.??"]
[EventType "swiss"]
[EventRounds "9"]
[EventCountry "ITA"]
[SourceTitle "CBM 104 Extra"]
[Source "ChessBase"]
[SourceDate "2005.03.01"]
[SourceVersion "1"]
[SourceVersionDate "2005.03.01"]
[SourceQuality "1"]

1. e4 c5 2. c3 d5 3. exd5 Qxd5 4. d4 e5 5. Nf3 Bg4 6. Be2 cxd4 7. cxd4 e4 8. Ne5 Bxe2 9. Qxe2 Nf6 10. Be3 Bb4+ 11. Nc3 0-0 12. 0-0 Qe6 13. Qb5 Bxc3 14. bxc3 Nbd7 15. Nxd7 Qxd7 16. Rab1 b6 17. Bg5 Rfd8 18. Rfe1 Qxb5 19. Rxb5 Rd5 20. Rxd5 Nxd5 21. c4 h6 22. Bxh6 Nf6 23. Bg5 Rc8 24. Bxf6 gxf6 25. Rc1 Kf8 26. Kf1 Ke7 27. Ke2 f5 28. Ke3 Ke6 29. g3 b5 30. c5 a5 31. h4 Kd5 32. c6 1-0

[Event "Verona op 11th"]
[Site "Verona"]
[Date "2005.01.03"]
[Round "3"]
[White "Perryman, Marcus"]
[Black "Opacic, Alexandar"]
[Result "0-1"]
[WhiteElo "2077"]
[BlackElo "2105"]
[PlyCount "148"]
[EventDate "2005.01.??"]
[EventType "swiss"]
[EventRounds "9"]
[EventCountry "ITA"]
[SourceTitle "CBM 104 Extra"]
[Source "ChessBase"]
[SourceDate "2005.03.01"]
[SourceVersion "1"]
[SourceVersionDate "2005.03.01"]
[SourceQuality "1"]

1. e4 c5 2. Nf3 e6 3. d4 cxd4 4. Nxd4 a6 5. Nc3 Qc7 6. g3 Nf6 7. Bg2 Nc6 8. 0-0 Nxd4 9. Qxd4 Bc5 10. Qd3 h5 11. Bf4 d6 12. Rad1 e5 13. Bg5 Be6 14. a3 Bc4 15. Qf3 Bxf1 16. Rxf1 Bd4 17. Bxf6 Bxc3 18. Bxg7 Rh7 19. bxc3 Rxg7 20. Qxh5 0-0-0 21. Rd1 Kb8 22. Qh6 Rg6 23. Qe3 Rc8 24. Bh3 Rh8 25. Bf5 Rgh6 26. h4 Qc6 27. Rd5 Rh5 28. Bg4 R5h6 29. Be2 f5 30. c4 f4 31. Qf3 Qb6 32. c5 dxc5 33. Rxe5 fxg3 34. fxg3 c4+ 35. Kg2 Qb2 36. Rc5 Rf6 37. Rf5 Rc6 38. Qf4+ Ka8 39. Rf8+ Rxf8 40. Qxf8+ Ka7 41. Qf2+ Qb6 42. h5 Rc5 43. Qd4 c3 44. Qg7 Rc6 45. Bd3 Rf6 46. e5 Rf2+ 47. Kh3 Qe6+ 48. Kh4 Rf7 49. Qg5 b6 50. Qg6 Qe7+ 51. Kh3 Rg7 52. Qf6 Qb7 53. Kh2 Rf7 54. Qe6 Rf2+ 55. Kh3 Qh1+ 56. Kg4 Qf3+ 57. Kg5 Qxg3+ 58. Kh6 Qf4+ 59. Kh7 Qf8 60. Qd7+ Kb8 61. Qd6+ Qxd6 62. exd6 Kc8 63. Bg6 b5 64. Kg7 a5 65. h6 Kd7 66. h7 Rh2 67. h8Q Rxh8 68. Kxh8 Kxd6 69. Kg7 Kc5 70. Kf6 b4 71. a4 b3 72. cxb3 Kb4 73. Bc2 Ka3 74. Ke5 Kb2 0-1

[Event "Oxford University op 4th"]
[Site "Oxford"]
[Date "2004.04.24"]
[Round "1"]
[White "Shaw, David A"]
[Black "Perryman, Marcus"]
[Result "1-0"]
[WhiteElo "2165"]
[BlackElo "2077"]
[PlyCount "99"]
[EventDate "2004.04.24"]
[EventType "swiss"]
[EventRounds "5"]
[EventCountry "ENG"]
[SourceTitle "EXT 2008"]
[Source "ChessBase"]
[SourceDate "2007.11.25"]
[SourceVersion "1"]
[SourceVersionDate "2007.11.25"]
[SourceQuality "1"]

1. e4 c5 2. Nf3 d6 3. d4 cxd4 4. Nxd4 Nf6 5. Nc3 a6 6. Be3 e6 7. Bc4 Qc7 8. Bb3 Nbd7 9. f3 Nc5 10. Qd2 b5 11. g4 Be7 12. h4 Bb7 13. 0-0-0 Nxb3+ 14. axb3 b4 15. Na4 d5 16. e5 Nd7 17. f4 Bc6 18. f5 Bxa4 19. fxe6 fxe6 20. Nxe6 Qxe5 21. Nd4 Nc5 22. bxa4 Ne4 23. Nc6 Nxd2 24. Nxe5 Nc4 25. Bd4 0-0 26. Nc6 Bd6 27. Rhe1 Rfe8 28. Bf2 Rac8 29. Nd4 Bf4+ 30. Kb1 Nd2+ 31. Ka1 Ne4 32. Be3 Be5 33. Re2 Nf6 34. g5 Ng4 35. Bg1 Bxd4 36. Rxe8+ Rxe8 37. Bxd4 Re2 38. Kb1 Kf7 39. Bc5 Ke6 40. Bxb4 Ne3 41. Re1 Rxe1+ 42. Bxe1 g6 43. Kc1 Ke5 44. Kd2 Ke4 45. Bf2 Nf5 46. b4 Kf3 47. Bc5 Ng3 48. Kd3 Ne4 49. Be7 Kg4 50. b5 1-0

[Event "Padova op-B 2nd"]
[Site "Padova"]
[Date "1999.12.19"]
[Round "6.12"]
[White "Maccapan, Fabio"]
[Black "Perryman, Marcus"]
[Result "0-1"]
[WhiteElo "1834"]
[BlackElo "1648"]
[PlyCount "74"]
[EventDate "1999.12.11"]
[EventType "swiss"]
[EventRounds "6"]
[EventCountry "ITA"]
[SourceTitle "EXT 2024"]
[Source "ChessBase"]
[SourceDate "2023.10.10"]
[SourceVersion "1"]
[SourceVersionDate "2023.10.10"]
[SourceQuality "1"]

1. e4 Nf6 2. e5 Nd5 3. Nc3 Nxc3 4. dxc3 d6 5. Bc4 e6 6. exd6 Bxd6 7. Nf3 0-0 8. Qe2 Nd7 9. Bg5 Be7 10. h4 Bf6 11. 0-0-0 Qe7 12. Kb1 Nb6 13. Bd3 Nd5 14. Qe4 g6 15. Bxf6 Qxf6 16. g3 Bd7 17. Ne5 Bc6 18. Nxc6 bxc6 19. Qd4 e5 20. Qc5 Rab8 21. Kc1 Rfe8 22. Bc4 Nb6 23. Bb3 Ra8 24. Rhe1 a5 25. a3 a4 26. Ba2 Re7 27. Re4 Nd7 28. Qe3 c5 29. Qe2 Qb6 30. f4 Rb8 31. b4 axb3 32. Bxb3 Qa5 33. Kb2 Nb6 34. fxe5 c4 35. e6 Na4+ 36. Kc1 cxb3 37. exf7+ Kf8 0-1

[Event "Padova op-B 2nd"]
[Site "Padova"]
[Date "1999.12.12"]
[Round "2.9"]
[White "Opacic, Alexandar"]
[Black "Perryman, Marcus"]
[Result "1/2-1/2"]
[WhiteElo "1759"]
[BlackElo "1648"]
[PlyCount "91"]
[EventDate "1999.12.11"]
[EventType "swiss"]
[EventRounds "6"]
[EventCountry "ITA"]
[SourceTitle "EXT 2024"]
[Source "ChessBase"]
[SourceDate "2023.10.10"]
[SourceVersion "1"]
[SourceVersionDate "2023.10.10"]
[SourceQuality "1"]

1. e4 Nf6 2. e5 Nd5 3. d4 d6 4. c4 Nb6 5. Nf3 g6 6. h3 Bg7 7. exd6 cxd6 8. Bd2 Nc6 9. Bc3 d5 10. c5 Nd7 11. Bd3 0-0 12. 0-0 e5 13. dxe5 Nxc5 14. Bc2 Re8 15. Re1 d4 16. Nxd4 Nxe5 17. Nd2 Ncd3 18. Bxd3 Nxd3 19. Rxe8+ Qxe8 20. N2f3 Nc5 21. Qf1 b6 22. Re1 Qd7 23. Qe2 Ba6 24. Qe7 Qxe7 25. Rxe7 Bf6 26. Re3 Rd8 27. Kh2 Bb7 28. Nc6 Bxc6 29. Bxf6 Re8 30. Ra3 Ne4 31. Bd4 Re7 32. Ne5 Bd5 33. Ng4 h5 34. Ne3 Bc6 35. f3 Nd6 36. Bf6 Re6 37. Bg5 f6 38. Bf4 Nb5 39. Rd3 g5 40. Bb8 Re8 41. Bg3 h4 42. Bf2 Nc7 43. Nf5 Nd5 44. Nh6+ Kh7 45. Ng4 Kg6 46. b3 1/2-1/2

[Event "Padova op-B 2nd"]
[Site "Padova"]
[Date "1999.12.12"]
[Round "3.12"]
[White "Perryman, Marcus"]
[Black "De Napoli, Giuseppe"]
[Result "1-0"]
[WhiteElo "1648"]
[BlackElo "1678"]
[PlyCount "85"]
[EventDate "1999.12.11"]
[EventType "swiss"]
[EventRounds "6"]
[EventCountry "ITA"]
[SourceTitle "EXT 2024"]
[Source "ChessBase"]
[SourceDate "2023.10.10"]
[SourceVersion "1"]
[SourceVersionDate "2023.10.10"]
[SourceQuality "1"]

1. e4 d6 2. Nf3 g6 3. d4 Bg7 4. Nc3 Nf6 5. Be2 0-0 6. 0-0 Nc6 7. h3 e5 8. dxe5 dxe5 9. Qxd8 Rxd8 10. Bg5 Re8 11. Bxf6 Bxf6 12. Nd5 Bd8 13. Rfd1 Nb8 14. Ne3 c6 15. Nxe5 Bf6 16. N3g4 Bg7 17. Bc4 Bxg4 18. Nxg4 h5 19. Nh2 Rxe4 20. Rd8+ Bf8 21. Bb3 Kg7 22. Nf3 Bc5 23. Kf1 Bb6 24. Rc8 Re7 25. Re1 Rd7 26. Ree8 Bc7 27. Ng5 a5 28. Bxf7 Rxf7 29. Ne6+ Kf6 30. Nxc7 Ra7 31. Re3 Rh7 32. Rf8+ Kg5 33. Ne6+ Kh6 34. Rxb8 Ra6 35. g4 g5 36. Rf8 Kg6 37. Rf5 hxg4 38. hxg4 Rh4 39. Rxg5+ Kf6 40. Rf5+ Kg6 41. Nf4+ Kg7 42. Re7+ Kh6 43. g5# 1-0